[Event "Brønshøj Lang Weekend 2017"]
[Site "?"]
[Date "2017.02.11"]
[Round "2"]
[White "Sørensen, Per Settergren"]
[Black "Grove, Peter"]
[Result "1-0"]
[WhiteElo "1979"]
[BlackElo "2170"]
[PlyCount "47"]
[EventDate "2017.??.??"]

1. e4 c5 2. Nf3 g6 3. c4 Nc6 4. d4 cxd4 5. Nxd4 Bg7 6. Be3 Nf6 7. Nc3 d6 8. Be2
O-O 9. Qd2 a5 10. O-O a4 11. f3 Qa5 12. Rfd1 Bd7 13. Rac1 a3 14. b3 Rfc8 15.
Ndb5 Qb4 16. Na4 Rxa4 17. bxa4 Qxa4 18. Nc3 Qa5 19. Nd5 Nxd5 20. cxd5 Nb4 21.
Rxc8+ Bxc8 22. Rc1 Bd7 23. Rc4 Bb5 24. Rc8+ 1-0

[Event "Brønshøj Lang Weekend 2017"]
[Site "?"]
[Date "2017.02.11"]
[Round "2"]
[White "Christensen, Lasse"]
[Black "Thomsen, Kim R"]
[Result "1-0"]
[WhiteElo "2163"]
[BlackElo "1957"]
[PlyCount "73"]
[EventDate "2017.??.??"]

1. d4 Nf6 2. c4 e6 3. Nc3 Bb4 4. g3 O-O 5. Bg2 c5 6. Nf3 d5 7. cxd5 Nxd5 8. Bd2
Nc6 9. Nxd5 Qxd5 10. Bxb4 cxb4 11. O-O Rd8 12. Ne5 Qb5 13. Nxc6 bxc6 14. Qc2
Bb7 15. Rfd1 a5 16. e3 Rd7 17. a4 Qa6 18. Rac1 Rc8 19. Qc4 Qb6 20. Qc5 Qd8 21.
Qe5 Rd6 22. Qc5 f6 23. f4 Qc7 24. e4 Rd7 25. Bh3 f5 26. exf5 Rd5 27. Qc4 Qb6
28. fxe6 Ba6 29. Qc2 Rxd4 30. Qf2 Rxd1+ 31. Rxd1 c5 32. Re1 Re8 33. Rc1 Bc8 34.
f5 Qc6 35. Qxc5 Qe4 36. Qxc8 Qe3+ 37. Kh1 1-0

[Event "Brønshøj Lang Weekend 2017"]
[Site "?"]
[Date "2017.02.11"]
[Round "2"]
[White "Tandrup, Michael"]
[Black "Thorsbro, Peter"]
[Result "0-1"]
[WhiteElo "1930"]
[BlackElo "2207"]
[PlyCount "82"]
[EventDate "2017.??.??"]

1. c4 c6 2. Nf3 d5 3. b3 Nf6 4. g3 g6 5. cxd5 cxd5 6. Bb2 Bg7 7. Bg2 O-O 8. O-O
Nc6 9. d3 Bf5 10. Nbd2 Rc8 11. Nd4 Bg4 12. Nxc6 bxc6 13. h3 Bd7 14. Nf3 Qa5 15.
Qd2 Qa6 16. Rfc1 Rfd8 17. Rc5 Be8 18. h4 Rb8 19. Qa5 Rb6 20. Qd2 Rdb8 21. Be5
Rc8 22. Bh3 Bd7 23. Ra5 Qb7 24. Bxd7 Nxd7 25. Bxg7 Kxg7 26. Qb2+ f6 27. Qa3 c5
28. Rxa7 Qc6 29. Rc1 Rb7 30. Ra6 Rb6 31. Rxb6 Qxb6 32. d4 e5 33. dxc5 Rxc5 34.
Rxc5 Nxc5 35. Qa8 Ne4 36. e3 Qc5 37. Qb7+ Kh6 38. g4 Qc2 39. g5+ Kh5 40. Qxh7+
Kg4 41. Nxe5+ Kh3 0-1

[Event "Brønshøj Lang Weekend 2017"]
[Site "?"]
[Date "2017.02.11"]
[Round "2"]
[White "Frank-Nielsen, Marie"]
[Black "Olsen, Bjørn"]
[Result "1-0"]
[WhiteElo "1958"]
[BlackElo "1696"]
[PlyCount "103"]
[EventDate "2017.??.??"]

1. e4 c5 2. c3 d5 3. exd5 Qxd5 4. d4 Nc6 5. Nf3 Nf6 6. Be2 cxd4 7. cxd4 e6 8.
Nc3 Qd6 9. O-O a6 10. h3 b5 11. a3 Bb7 12. Be3 Be7 13. Qd2 Rd8 14. Rad1 O-O 15.
b4 Rfe8 16. Rfe1 Nb8 17. Bf4 Qb6 18. Be3 Qd6 19. Ne5 Nbd7 20. Bf4 Qb6 21. Qb2
Nd5 22. Bg3 N7f6 23. Nxd5 Bxd5 24. Nd3 Ne4 25. Bf4 Bf6 26. Be3 Nd6 27. Nc5 Qc6
28. Bf1 h5 29. Rc1 Nc4 30. Qe2 g6 31. Nd3 Be4 32. Ne5 Qb7 33. Nxc4 bxc4 34.
Qxc4 Rd7 35. Qxa6 Red8 36. Qxb7 Bxb7 37. Bb5 Rd6 38. Rc7 Ba8 39. Rec1 Bxd4 40.
Bxd4 Rxd4 41. Bf1 Kg7 42. b5 Bd5 43. Ra7 Ra8 44. Rxa8 Bxa8 45. Bc4 Kf6 46. a4
Ke7 47. a5 Kd8 48. b6 Rd6 49. Ba6 Bc6 50. Rb1 Rd7 51. b7 Bxb7 52. Bxb7 1-0

[Event "Brønshøj Lang Weekend 2017"]
[Site "?"]
[Date "2017.02.11"]
[Round "2"]
[White "Kokholm, Daniel"]
[Black "Olsen, Michael Richard W"]
[Result "0-1"]
[WhiteElo "1858"]
[BlackElo "1986"]
[PlyCount "66"]
[EventDate "2017.??.??"]

1. e4 d5 2. Nc3 dxe4 3. Nxe4 Nf6 4. Ng3 h5 5. Bc4 h4 6. Nf1 Qd4 7. Qe2 h3 8. g3
Nc6 9. c3 Qb6 10. a4 Na5 11. Ba2 Nb3 12. Bxb3 Qxb3 13. Qb5+ Qxb5 14. axb5 Rh5
15. c4 e5 16. Ne3 Bc5 17. f3 Be6 18. b3 O-O-O 19. Ke2 Bd4 20. Ra2 Nd7 21. Ba3
Nc5 22. Bxc5 Bxc5 23. g4 Rh7 24. d3 g6 25. Rd2 f5 26. gxf5 gxf5 27. Nc2 f4 28.
b4 Bf8 29. c5 Rhd7 30. Ne1 Bf5 31. Kf2 Be7 32. Ne2 Bh4+ 33. Kf1 Bxd3 0-1

[Event "Brønshøj Lang Weekend 2017"]
[Site "?"]
[Date "2017.02.11"]
[Round "2"]
[White "Nielsen, Thomas"]
[Black "Nielsen, Henrik Wendelbo"]
[Result "0-1"]
[WhiteElo "1922"]
[BlackElo "1830"]
[PlyCount "102"]
[EventDate "2017.??.??"]

1. d4 Nf6 2. c4 g6 3. Nc3 Bg7 4. e4 d6 5. Be2 O-O 6. Be3 e5 7. d5 Ne8 8. g4 c6
9. h4 f5 10. gxf5 gxf5 11. exf5 Bxf5 12. Bd3 e4 13. Nxe4 cxd5 14. Ng5 d4 15.
Bxf5 Rxf5 16. Bxd4 Qa5+ 17. Kf1 Nc6 18. Bxg7 Nxg7 19. N1h3 Qe5 20. Kg2 Raf8 21.
Qd2 Nd4 22. Rhe1 Qc5 23. Re4 Nf3 24. Nxf3 Rxf3 25. Rd1 R3f5 26. Rg4 Qc6+ 27.
Kg1 Qf3 28. Rg3 Qh5 29. Qd4 Qf7 30. Rd2 Rf6 31. Ng5 Qe7 32. Qd5+ Kh8 33. Qe4
Qxe4 34. Nxe4 Rf4 35. Nxd6 Ne6 36. Re2 Nd4 37. Re7 Nf3+ 38. Kf1 Nxh4 39. Rgg7
Rxf2+ 40. Ke1 Ng2+ 41. Rxg2 Rxg2 42. Rxb7 Rff2 43. c5 Re2+ 44. Kf1 Ref2+ 45.
Ke1 Rc2 46. Kf1 Rh2 47. Kg1 Rhd2 48. Rf7 Rxc5 49. Ne4 Rc1+ 50. Rf1 Rxf1+ 51.
Kxf1 Rxb2 0-1

[Event "Brønshøj Lang Weekend 2017"]
[Site "?"]
[Date "2017.02.11"]
[Round "2"]
[White "Marshall, Michael O"]
[Black "Mouritsen, Jan"]
[Result "1/2-1/2"]
[WhiteElo "1832"]
[BlackElo "1917"]
[PlyCount "82"]
[EventDate "2017.??.??"]

1. c4 g6 2. g3 Bg7 3. Nc3 d6 4. Bg2 e5 5. e4 Nc6 6. Nge2 Nge7 7. d3 O-O 8. O-O
f5 9. Be3 Be6 10. Nd5 Qd7 11. Qd2 fxe4 12. dxe4 b6 13. b4 a5 14. a3 Bg4 15. f3
Be6 16. Rad1 axb4 17. axb4 Ra3 18. Ra1 Rfa8 19. Rxa3 Rxa3 20. Rd1 Nc8 21. c5
N6e7 22. Nec3 Nxd5 23. Nxd5 Qa4 24. Rc1 Ra2 25. Nc3 Rxd2 26. Nxa4 Ra2 27. Nc3
Ra3 28. Kf2 dxc5 29. bxc5 Bf8 30. cxb6 Nxb6 31. Bf1 Nc4 32. Bxc4 Bxc4 33. f4
exf4 34. gxf4 Bb4 35. Bd2 Ba5 36. Nb1 Bb6+ 37. Ke1 Ra4 38. Nc3 Ra8 39. e5 Bd3
40. Nd5 Ra7 41. Nxb6 cxb6 1/2-1/2

[Event "Brønshøj Lang Weekend 2017"]
[Site "?"]
[Date "2017.02.11"]
[Round "2"]
[White "Stage-Steffensen, Sander"]
[Black "Liu, Casper Yukun"]
[Result "1-0"]
[WhiteElo "1916"]
[BlackElo "1765"]
[PlyCount "113"]
[EventDate "2017.??.??"]

1. e4 e5 2. Nf3 Nc6 3. Bc4 Bc5 4. d3 d6 5. Nc3 Na5 6. Bb3 Nxb3 7. axb3 a6 8. h3
Ne7 9. Be3 Bxe3 10. fxe3 Ng6 11. Qe2 f5 12. exf5 Bxf5 13. g4 Bd7 14. d4 O-O 15.
dxe5 Bc6 16. O-O dxe5 17. Rad1 Qe7 18. Nd5 Bxd5 19. Rxd5 Nh4 20. Nxh4 Qxh4 21.
Rxf8+ Rxf8 22. Kg2 e4 23. Re5 Qf6 24. Qc4+ Kh8 25. Rf5 Qd8 26. Rxf8+ Qxf8 27.
Qxe4 Qd8 28. Kf3 Qd1+ 29. Kf4 h6 30. Qxb7 g5+ 31. Ke5 Qd6+ 32. Ke4 Qg6+ 33. Kd4
Qxc2 34. Qc8+ Kg7 35. Qd7+ Kf6 36. Qd8+ Kg7 37. Qe7+ Kg8 38. Qe6+ Kg7 39. Qe5+
Kg8 40. Qe6+ Kg7 41. Qd7+ Kf6 42. Qd8+ Kg7 43. Ke5 Qh2+ 44. Ke6 Qxh3 45. Qd7+
Kh8 46. Qd8+ Kh7 47. Qxc7+ Kh8 48. Qc8+ Kh7 49. Kf6 Qf3+ 50. Qf5+ Qxf5+ 51.
Kxf5 Kg7 52. b4 Kf7 53. e4 Kg7 54. e5 Kf7 55. b3 Kg7 56. e6 h5 57. gxh5 1-0

[Event "Brønshøj Lang Weekend 2017"]
[Site "?"]
[Date "2017.02.11"]
[Round "2"]
[White "Kristensen, Lars Østergård"]
[Black "Singh, Karamtej"]
[Result "1-0"]
[WhiteElo "1709"]
[BlackElo "1877"]
[PlyCount "59"]
[EventDate "2017.??.??"]

1. d4 Nf6 2. c4 g6 3. Nc3 Bg7 4. e4 d6 5. Bg5 h6 6. Be3 Nbd7 7. f3 O-O 8. Qd2
Kh7 9. Nge2 e5 10. h4 exd4 11. Nxd4 Ne5 12. Be2 Nc6 13. g4 Nd7 14. h5 g5 15.
Nf5 Be5 16. Nd5 Nb6 17. f4 Bxf5 18. gxf5 Nxd5 19. cxd5 gxf4 20. Bxf4 Bxf4 21.
Qxf4 Ne5 22. O-O-O f6 23. Rhg1 Qd7 24. Rg3 Rg8 25. Rdg1 Qf7 26. Rg6 Qf8 27.
Rxg8 Qxg8 28. Rxg8 Rxg8 29. Qf2 a5 30. Qa7 1-0

[Event "Brønshøj Lang Weekend 2017"]
[Site "?"]
[Date "2017.02.11"]
[Round "2"]
[White "Jørgensen, Orla Eilegaard"]
[Black "Andersen, Daniel"]
[Result "0-1"]
[WhiteElo "1678"]
[BlackElo "1858"]
[PlyCount "80"]
[EventDate "2017.??.??"]

1. e4 c5 2. b4 cxb4 3. a3 bxa3 4. Bxa3 d6 5. d4 Nf6 6. f3 g6 7. Bd3 Bg7 8. Ne2
O-O 9. c4 Nc6 10. O-O Qb6 11. c5 dxc5 12. Bxc5 Qc7 13. Nbc3 b6 14. Ba3 a6 15.
e5 Nd7 16. Rc1 Bb7 17. Be4 Rfc8 18. Bxc6 Qxc6 19. Bxe7 b5 20. Ne4 Qb6 21. Qb3
Re8 22. Bc5 Nxc5 23. Nxc5 Rac8 24. f4 a5 25. Na4 Qa6 26. Nc5 Qc6 27. Nxb7 Qxb7
28. Rc5 Rxc5 29. dxc5 Rc8 30. Rc1 Bf8 31. e6 b4 32. Kh1 Rxc5 33. Rxc5 Bxc5 34.
exf7+ Qxf7 35. Qd3 b3 36. Qd8+ Bf8 37. Qxa5 b2 38. Qb5 Qa2 39. Qe5 b1=Q+ 40.
Ng1 Qf5 0-1

[Event "Brønshøj Lang Weekend 2017"]
[Site "?"]
[Date "2017.02.11"]
[Round "2"]
[White "Ozcan, Güney"]
[Black "Dupont, Michael Kim"]
[Result "1-0"]
[WhiteElo "1857"]
[BlackElo "1548"]
[PlyCount "33"]
[EventDate "2017.??.??"]

1. e4 Nc6 2. Nf3 d6 3. Nc3 g6 4. d4 Bg7 5. Be3 e5 6. Bb5 Bd7 7. Qd2 h6 8. O-O-O
Nf6 9. dxe5 dxe5 10. Qe2 Qe7 11. Nd5 Nxd5 12. Rxd5 b6 13. Qc4 Qe6 14. Rhd1 Rd8
15. Rxd7 Qxc4 16. Rxd8+ Ke7 17. R8d7+ 1-0

[Event "Brønshøj Lang Weekend 2017"]
[Site "?"]
[Date "2017.02.11"]
[Round "2"]
[White "Vinter, Christoffer"]
[Black "Møller, Arne Vagn"]
[Result "0-1"]
[WhiteElo "1589"]
[BlackElo "1852"]
[PlyCount "54"]
[EventDate "2017.??.??"]

1. e4 c5 2. Nf3 d6 3. d4 cxd4 4. Nxd4 Nf6 5. Nc3 a6 6. Bg5 e6 7. Bd3 Be7 8. O-O
O-O 9. Kh1 Nbd7 10. f4 b5 11. Qf3 Bb7 12. Qg3 Nh5 13. Qh4 Bxg5 14. Qxg5 Qxg5
15. fxg5 g6 16. Rae1 Rac8 17. g4 Ng7 18. Kg1 Nc5 19. Rf2 b4 20. Nd1 e5 21. Nb3
Nge6 22. Nxc5 dxc5 23. h4 Nf4 24. Kh2 Rcd8 25. Rf3 Rd4 26. Nf2 c4 27. c3 Nxd3
0-1

[Event "Brønshøj Lang Weekend 2017"]
[Site "?"]
[Date "2017.02.11"]
[Round "2"]
[White "Hultin Rasmussen, Steen"]
[Black "Koch-Müller, Oscar"]
[Result "1-0"]
[WhiteElo "1880"]
[BlackElo "1644"]
[PlyCount "121"]
[EventDate "2017.??.??"]

1. e4 e5 2. Nf3 Nc6 3. Bc4 Bc5 4. c3 Nf6 5. d4 exd4 6. cxd4 Bb4+ 7. Bd2 Nxe4 8.
Bxb4 Nxb4 9. Bxf7+ Kxf7 10. Qb3+ d5 11. Qxb4 Re8 12. O-O Kg8 13. Nc3 c6 14. Ne5
Nf6 15. Rae1 Nd7 16. Nf3 Nf6 17. Rxe8+ Qxe8 18. Re1 Qf8 19. Qb3 b5 20. Qc2 Bd7
21. Nb1 Re8 22. Qc1 Qb4 23. Qd2 Rxe1+ 24. Nxe1 Qxd2 25. Nxd2 Bf5 26. f3 Kf7 27.
g4 Bg6 28. Nb3 Ke7 29. Kf2 Nd7 30. Na5 Kd6 31. b4 Nb6 32. Ng2 Bb1 33. a3 Nc4
34. Nxc4+ dxc4 35. Ne3 Ke6 36. Nd1 Kf6 37. h4 Ke6 38. Ke3 g6 39. Nc3 Bd3 40.
Kf4 Kf6 41. a4 a6 42. a5 h6 43. d5 cxd5 44. Nxd5+ Ke6 45. Nc7+ Kd6 46. Nxa6 c3
47. Ke3 c2 48. Kd2 Be2 49. Kxc2 Bxf3 50. g5 hxg5 51. hxg5 Kd5 52. Kc3 Be2 53.
Nc7+ Kd6 54. Ne8+ Kd7 55. Nf6+ Ke6 56. Kd4 Kf5 57. Ne4 Ke6 58. a6 Bc4 59. Nc3
Bf1 60. a7 Bg2 61. Ne4 1-0

[Event "Brønshøj Lang Weekend 2017"]
[Site "?"]
[Date "2017.02.11"]
[Round "2"]
[White "Larsen, Preben R"]
[Black "Marthedal, Anton Mehmet Yildiz"]
[Result "0-1"]
[WhiteElo "1823"]
[BlackElo "1910"]
[PlyCount "58"]
[EventDate "2017.??.??"]

1. e4 c6 2. d4 d5 3. Nc3 dxe4 4. Nxe4 Bf5 5. Ng3 Bg6 6. h4 h6 7. Nf3 Nd7 8. h5
Bh7 9. c3 Ngf6 10. Bc4 e6 11. Qe2 Be7 12. Ne5 Nxe5 13. dxe5 Nd5 14. Qg4 Rg8 15.
O-O Qc7 16. Re1 O-O-O 17. Re2 Qb6 18. Bxd5 Rxd5 19. Be3 Qa6 20. f4 g6 21. Kf2
g5 22. f5 Rxe5 23. fxe6 f5 24. Qd4 Rxe6 25. Bc1 Rd6 26. Qe5 Rd7 27. Ke1 Bd6 28.
Qe6 Bxg3+ 29. Kf1 c5 0-1

[Event "Brønshøj Lang Weekend 2017"]
[Site "?"]
[Date "2017.02.11"]
[Round "3"]
[White "Akdag, Dara Sevkan"]
[Black "Haubro, Martin"]
[Result "1-0"]
[WhiteElo "2188"]
[BlackElo "2351"]
[PlyCount "115"]
[EventDate "2017.??.??"]

1. d4 Nf6 2. c4 e6 3. Nc3 Bb4 4. Qc2 c5 5. e3 Nc6 6. Nf3 d5 7. a3 Bxc3+ 8. bxc3
O-O 9. Be2 dxc4 10. Bxc4 Qc7 11. O-O e5 12. Bb5 e4 13. Nd2 Ng4 14. g3 f5 15.
Be2 h5 16. a4 Rf6 17. Nb3 b6 18. h3 Nh6 19. Bxh5 c4 20. Nd2 Be6 21. Kh2 Nf7 22.
Be2 Rh6 23. Rh1 Ne7 24. Ba3 Ng6 25. Kg2 Bd5 26. f4 exf3+ 27. Bxf3 Bxf3+ 28.
Nxf3 Ne7 29. e4 Nd6 30. e5 Ne4 31. Bxe7 Qxe7 32. Nd2 Nxd2 33. Qxd2 Qb7+ 34. d5
Rf8 35. Rhf1 Qd7 36. Rad1 Qxa4 37. e6 Qe8 38. Qf4 Qh5 39. h4 Rg6 40. Rd4 Qe2+
41. Rf2 Qe1 42. Qf3 b5 43. Re2 Rxg3+ 44. Qxg3 Qxe2+ 45. Qf2 Qe5 46. Rd2 f4 47.
Qf3 Qd6 48. Re2 a5 49. e7 Re8 50. Re6 Qd7 51. Qe4 a4 52. d6 f3+ 53. Kxf3 a3 54.
Qd5 Kh8 55. Qh5+ Kg8 56. Qxe8+ Qxe8 57. d7 Qf7+ 58. Kg3 1-0

[Event "Brønshøj Lang Weekend 2017"]
[Site "?"]
[Date "2017.02.11"]
[Round "3"]
[White "Jacobsen, Mikkel Manosri"]
[Black "Christensen, Lasse"]
[Result "1-0"]
[WhiteElo "2300"]
[BlackElo "2163"]
[PlyCount "39"]
[EventDate "2017.??.??"]

1. d4 f5 2. Bg5 c6 3. c4 h6 4. Bf4 Nf6 5. Nc3 d6 6. e3 e6 7. h3 Nbd7 8. Nf3 Qe7
9. Qc2 e5 10. dxe5 Nxe5 11. O-O-O g5 12. Bh2 Nf7 13. Bd3 Bd7 14. Bxf5 O-O-O 15.
Rd2 Re8 16. Rhd1 a6 17. Nd4 Ne5 18. Bxd7+ Qxd7 19. Na4 Qh7 20. Nf5 1-0

[Event "Brønshøj Lang Weekend 2017"]
[Site "?"]
[Date "2017.02.11"]
[Round "3"]
[White "Andersen, Rune"]
[Black "Reimanis, Ritvars"]
[Result "0-1"]
[WhiteElo "2119"]
[BlackElo "2261"]
[PlyCount "54"]
[EventDate "2017.??.??"]

1. d4 Nf6 2. c4 e6 3. Nc3 d5 4. Nf3 Nbd7 5. Bf4 c6 6. e3 Be7 7. cxd5 exd5 8.
Bd3 O-O 9. O-O Nh5 10. Bg3 Nxg3 11. hxg3 Bd6 12. e4 dxe4 13. Nxe4 Nf6 14. Re1
Nxe4 15. Bxe4 Bb4 16. Re3 Be6 17. Nh4 Be7 18. Qh5 h6 19. Nf5 Bg5 20. f4 Bxf5
21. Bxf5 Bf6 22. Kh2 g6 23. Bxg6 fxg6 24. Qxh6 Kf7 25. Qh7+ Bg7 26. f5 Rh8 27.
fxg6+ Kf6 0-1

[Event "Brønshøj Lang Weekend 2017"]
[Site "?"]
[Date "2017.02.11"]
[Round "3"]
[White "Nielsen, Viktor Haarmark"]
[Black "Sørensen, Per Settergren"]
[Result "1/2-1/2"]
[WhiteElo "2232"]
[BlackElo "1979"]
[PlyCount "129"]
[EventDate "2017.??.??"]

1. e4 e5 2. Nf3 Nc6 3. Bb5 a6 4. Ba4 Nf6 5. O-O Be7 6. d3 b5 7. Bb3 d6 8. a4 b4
9. a5 O-O 10. Nbd2 Nd7 11. Bd5 Bb7 12. Nb3 Nf6 13. Bc4 Na7 14. Re1 c5 15. Nfd2
Qc7 16. Nf1 d5 17. exd5 Nxd5 18. Ng3 Rfe8 19. Ne4 Nf6 20. Qf3 Rad8 21. Bg5 Kh8
22. Bxf6 gxf6 23. Bxf7 Rf8 24. Qh5 Bd6 25. Be6 Qg7 26. Re3 Nb5 27. Rg3 Qe7 28.
Bc4 Nc7 29. Qh6 Ne8 30. Rh3 Qg7 31. Qxg7+ Nxg7 32. Nexc5 Bc8 33. Rf3 Bxc5 34.
Nxc5 Nf5 35. Nb3 Nd6 36. Kf1 Nxc4 37. dxc4 Be6 38. c5 Rd7 39. Ke1 Kg7 40. Rd1
Rxd1+ 41. Kxd1 Bg4 42. Kd2 Bxf3 43. gxf3 Rd8+ 44. Ke2 Kf7 45. Nc1 Ke6 46. Nd3
Rb8 47. b3 Kd5 48. Ke3 Rb5 49. Kd2 f5 50. c4+ bxc3+ 51. Kxc3 Rxa5 52. b4 Rb5
53. Kb3 e4 54. fxe4+ fxe4 55. Nf4+ Ke5 56. Ng2 a5 57. Ka4 Rxb4+ 58. Kxa5 Rb2
59. Ne3 Ke6 60. Nd1 Rd2 61. Nc3 Rxf2 62. Nxe4 Rxh2 63. Kb6 Rb2+ 64. Kc7 Kd5 65.
Nf6+ 1/2-1/2

[Event "Brønshøj Lang Weekend 2017"]
[Site "?"]
[Date "2017.02.11"]
[Round "3"]
[White "Rostgaard, Tobias Valentin"]
[Black "Kragh, Niels Kristian Ø"]
[Result "1/2-1/2"]
[WhiteElo "2353"]
[BlackElo "2117"]
[PlyCount "59"]
[EventDate "2017.??.??"]

1. e4 e6 2. d4 d5 3. Nd2 Nf6 4. e5 Nfd7 5. Bd3 c5 6. c3 Nc6 7. Ne2 cxd4 8. cxd4
f6 9. exf6 Nxf6 10. Nf3 Bd6 11. Nc3 a6 12. O-O O-O 13. Re1 Qc7 14. Bg5 Ng4 15.
Bh4 Bxh2+ 16. Kh1 Bf4 17. Qe2 Qf7 18. g3 Bh6 19. Kg2 Bd7 20. Rh1 g6 21. Raf1
Qxf3+ 22. Qxf3 Rxf3 23. Kxf3 Nxd4+ 24. Kg2 g5 25. Bxg5 Bxg5 26. Rxh7 Nf6 27.
Rh2 Ng4 28. Rh7 Nf6 29. Rh2 Ng4 30. Rh7 1/2-1/2

[Event "Brønshøj Lang Weekend 2017"]
[Site "?"]
[Date "2017.02.11"]
[Round "3"]
[White "Thorsbro, Peter"]
[Black "Moe, Mogens"]
[Result "0-1"]
[WhiteElo "2207"]
[BlackElo "2162"]
[PlyCount "76"]
[EventDate "2017.??.??"]

1. d4 Nf6 2. c4 g6 3. Nc3 d5 4. Nf3 Bg7 5. cxd5 Nxd5 6. Bg5 Nxc3 7. bxc3 c5 8.
e3 O-O 9. Bd3 Nc6 10. O-O Be6 11. Qe2 a6 12. Rfd1 Qa5 13. Be4 cxd4 14. cxd4 Bd5
15. Bxd5 Qxd5 16. Rac1 Qd7 17. Bf4 Rfc8 18. Qb2 b5 19. a4 bxa4 20. Qb6 a5 21.
Qb5 Ne5 22. Rxc8+ Rxc8 23. Qxa5 Nc4 24. Qb4 e5 25. Bg3 e4 26. Ng5 Qd5 27. h4 h6
28. Nh3 Bf8 29. Qxa4 Nb2 30. Nf4 Qb7 31. Qa1 Nxd1 32. Qxd1 Qb2 33. Kh2 Rc1 34.
Qg4 Qb1 35. Kh3 Rh1+ 36. Bh2 Qg1 37. Qg3 Bd6 38. f3 Qxe3 0-1

[Event "Brønshøj Lang Weekend 2017"]
[Site "?"]
[Date "2017.02.11"]
[Round "3"]
[White "Grove, Peter"]
[Black "Frank-Nielsen, Marie"]
[Result "1-0"]
[WhiteElo "2170"]
[BlackElo "1958"]
[PlyCount "85"]
[EventDate "2017.??.??"]

1. e4 c5 2. Nf3 e6 3. d4 cxd4 4. Nxd4 Nf6 5. Bd3 a6 6. Qe2 d6 7. c4 Be7 8. O-O
Nbd7 9. h3 Qc7 10. b3 b6 11. Nc3 Bb7 12. Bb2 O-O 13. Rac1 Rfe8 14. Bb1 Rac8 15.
Rfd1 Qb8 16. f4 Bf8 17. Nf3 e5 18. f5 b5 19. cxb5 axb5 20. b4 Rc4 21. a3 Nb6
22. Ba2 Bc6 23. Nd2 d5 24. exd5 Nfxd5 25. Nxc4 Nf4 26. Qe3 Nxc4 27. Bxc4 bxc4
28. Rd2 Bd6 29. Ne4 Bc7 30. Rxc4 Bb6 31. Nc5 Qa8 32. Qg3 f6 33. Kh2 Bb5 34.
Rcc2 Kh8 35. Bc1 Qb8 36. Ne4 Bc7 37. Qb3 Bf1 38. Qf7 Bb6 39. Rd7 Rg8 40. Nxf6
e4 41. Qxg8+ Qxg8 42. Nxg8 Kxg8 43. Rc8+ 1-0

[Event "Brønshøj Lang Weekend 2017"]
[Site "?"]
[Date "2017.02.11"]
[Round "3"]
[White "Marthedal, Anton Mehmet Yildiz"]
[Black "Brinck-Claussen, Bjørn"]
[Result "0-1"]
[WhiteElo "1910"]
[BlackElo "2226"]
[PlyCount "44"]
[EventDate "2017.??.??"]

1. d4 Nf6 2. Nf3 e6 3. Bg5 h6 4. Bh4 b6 5. Nbd2 Bb7 6. e3 d6 7. Bd3 g5 8. Bg3
Nh5 9. Ne4 f5 10. Nc3 Bg7 11. Qe2 Qe7 12. a4 a6 13. b4 O-O 14. O-O Nd7 15. Nd2
Nxg3 16. hxg3 c5 17. bxc5 bxc5 18. Nb3 d5 19. Na5 Bc8 20. Qf3 Qd6 21. Ne2 Qc7
22. Nc4 dxc4 0-1

[Event "Brønshøj Lang Weekend 2017"]
[Site "?"]
[Date "2017.02.11"]
[Round "3"]
[White "Nielsen, Thomas Bach"]
[Black "Stage-Steffensen, Sander"]
[Result "1-0"]
[WhiteElo "2163"]
[BlackElo "1916"]
[PlyCount "49"]
[EventDate "2017.??.??"]

1. f4 d5 2. Nf3 Bg4 3. e3 Nc6 4. d4 e6 5. Nbd2 Bf5 6. Bb5 Nge7 7. Ne5 a6 8.
Bxc6+ Nxc6 9. Nxc6 bxc6 10. Nf3 c5 11. O-O cxd4 12. Nxd4 Be4 13. c4 c5 14. Nc6
Qc7 15. Ne5 Bd6 16. Qa4+ Kf8 17. cxd5 exd5 18. Bd2 Bxe5 19. fxe5 Qxe5 20. Bc3
Qd6 21. b4 Rb8 22. bxc5 Qxc5 23. Qd7 Bg6 24. Bd4 Qa3 25. Qc7 1-0

[Event "Brønshøj Lang Weekend 2017"]
[Site "?"]
[Date "2017.02.11"]
[Round "3"]
[White "Andersen, Daniel"]
[Black "Petersen, Steen Brustrup"]
[Result "0-1"]
[WhiteElo "1858"]
[BlackElo "2138"]
[PlyCount "32"]
[EventDate "2017.??.??"]

1. c4 Nf6 2. Nc3 g6 3. e4 d6 4. d4 Bg7 5. f3 O-O 6. Be3 c5 7. dxc5 dxc5 8. Qxd8
Rxd8 9. Bxc5 Nc6 10. Ba3 a5 11. Nge2 Nb4 12. Bxb4 axb4 13. Nd5 Nxd5 14. cxd5 e6
15. Nf4 Bxb2 16. Rd1 Bc3+ 0-1

[Event "Brønshøj Lang Weekend 2017"]
[Site "?"]
[Date "2017.02.11"]
[Round "3"]
[White "Andersen, Søren Mikkel"]
[Black "Hultin Rasmussen, Steen"]
[Result "1/2-1/2"]
[WhiteElo "2088"]
[BlackElo "1880"]
[PlyCount "82"]
[EventDate "2017.??.??"]

1. d4 d5 2. c4 e6 3. Nc3 Nf6 4. Bg5 Nbd7 5. e3 c6 6. Nf3 Qa5 7. cxd5 exd5 8.
Bd3 Bd6 9. O-O O-O 10. a3 Re8 11. Qc2 h6 12. Bh4 Qc7 13. Rac1 a6 14. Rfe1 g5
15. Bg3 Bxg3 16. hxg3 Nf8 17. Ne5 Be6 18. b4 Qd6 19. Qb2 Ng4 20. Na4 Nd7 21.
Nxd7 Bxd7 22. Nb6 Rad8 23. Nxd7 Qxd7 24. Qc2 Qd6 25. Rb1 h5 26. Qd1 Qf6 27. Qf3
Kg7 28. a4 Rd6 29. Qf5 Qxf5 30. Bxf5 Nxf2 31. b5 axb5 32. axb5 Rf6 33. Rf1 Ne4
34. Bxe4 Rxe4 35. Rxf6 Kxf6 36. Kf2 Kf5 37. Ra1 Re7 38. b6 f6 39. Ra8 Kg6 40.
Rc8 Kf7 41. Rh8 Kg6 1/2-1/2

[Event "Brønshøj Lang Weekend 2017"]
[Site "?"]
[Date "2017.02.11"]
[Round "3"]
[White "Møller, Arne Vagn"]
[Black "Christensen, Esben"]
[Result "1/2-1/2"]
[WhiteElo "1852"]
[BlackElo "2055"]
[PlyCount "93"]
[EventDate "2017.??.??"]

1. e4 c5 2. b3 e6 3. Bb2 a6 4. Nf3 Nc6 5. a4 d6 6. g3 Nf6 7. d3 Be7 8. Bg2 O-O
9. O-O Rb8 10. Nbd2 d5 11. Ne5 Nxe5 12. Bxe5 Bd6 13. f4 Bxe5 14. fxe5 Nd7 15.
exd5 Nxe5 16. Qh5 Ng6 17. Rae1 b6 18. dxe6 Bxe6 19. Ne4 h6 20. Kh1 Qd7 21. Qe2
Rbe8 22. Qd2 Bd5 23. Nc3 Be6 24. Ne2 Re7 25. Nf4 Nxf4 26. Rxf4 Rfe8 27. Rfe4 b5
28. Qe3 c4 29. axb5 cxb3 30. cxb3 Qxb5 31. d4 Kf8 32. Re5 Qxb3 33. Qf4 Bc4 34.
Rxe7 Rxe7 35. Qd6 Be6 36. Bc6 f6 37. d5 Qc3 38. Rxe6 Qc1+ 39. Kg2 Qc2+ 40. Kh3
Qf5+ 41. g4 Qf1+ 42. Kh4 g5+ 43. Kg3 Qd3+ 44. Kg2 Qd2+ 45. Kh3 Qd3+ 46. Qg3
Qf1+ 47. Qg2 1/2-1/2

[Event "Brønshøj Lang Weekend 2017"]
[Site "?"]
[Date "2017.02.11"]
[Round "3"]
[White "Olsen, Michael Richard W"]
[Black "Ozcan, Güney"]
[Result "1-0"]
[WhiteElo "1986"]
[BlackElo "1857"]
[PlyCount "125"]
[EventDate "2017.??.??"]

1. Nf3 d5 2. c4 dxc4 3. Qa4+ Bd7 4. Qxc4 Nf6 5. Nc3 Nc6 6. d4 e6 7. e4 Bb4 8.
Bd3 Qe7 9. a3 Bxc3+ 10. bxc3 h6 11. a4 a5 12. Ba3 Qd8 13. Bc2 Ne7 14. O-O O-O
15. Qd3 g6 16. c4 Kh7 17. Rab1 Rb8 18. Qd2 Re8 19. Bc1 Nfg8 20. Ne5 Rf8 21. Ng4
Nc6 22. Nxh6 Qh4 23. Nxg8 Rxg8 24. g3 Qh3 25. e5 Rh8 26. Be4 Kg7 27. Rd1 Qxh2+
28. Kf1 Rbd8 29. Qg5 Rb8 30. Qf6+ Kg8 31. Ke2 Qh5+ 32. Bf3 Qf5 33. Qxf5 gxf5
34. Bf4 Nb4 35. d5 Bxa4 36. Rd2 Rd8 37. dxe6 Rxd2+ 38. Bxd2 fxe6 39. Bxb7 Kf7
40. Bxb4 axb4 41. Rxb4 Rb8 42. Rxa4 Rxb7 43. Ke3 c5 44. Ra5 Rc7 45. Kf4 Ke7 46.
Kg5 Kf7 47. Kh6 Kg8 48. Kg6 Kf8 49. Kf6 Rf7+ 50. Kxe6 Kg7 51. Rxc5 f4 52. gxf4
Rxf4 53. Rc7+ Kg6 54. c5 Rxf2 55. c6 Rc2 56. Rc8 Kg7 57. Ke7 Rc1 58. e6 Rc3 59.
Rc7 Rd3 60. Rd7 Rc3 61. c7 Rc6 62. Kd8+ Kf6 63. e7 1-0

[Event "Brønshøj Lang Weekend 2017"]
[Site "?"]
[Date "2017.02.11"]
[Round "3"]
[White "Thomsen, Kim R"]
[Black "Kristensen, Lars Østergård"]
[Result "1-0"]
[WhiteElo "1957"]
[BlackElo "1709"]
[PlyCount "87"]
[EventDate "2017.??.??"]

1. d4 Nf6 2. c4 d6 3. Nc3 Nbd7 4. e4 e5 5. Nf3 Be7 6. Be2 c6 7. O-O a6 8. h3
O-O 9. Qc2 b5 10. a3 Qe8 11. Rd1 Bd8 12. d5 cxd5 13. Nxd5 Nxd5 14. Rxd5 bxc4
15. Rxd6 Bb7 16. Rd1 Nf6 17. Nd2 Rc8 18. Bxc4 Qc6 19. b3 Bb6 20. Bb2 Qc5 21.
Rf1 Nh5 22. b4 Qc6 23. Bxe5 Qg6 24. Rfe1 Rfe8 25. Qb2 Ng3 26. Bd5 Bc6 27. Bd4
Bxd5 28. exd5 Bxd4 29. Qxd4 Nf5 30. Qg4 Qf6 31. Rxe8+ Rxe8 32. Rc1 Qb2 33. Rd1
Qc2 34. Nf1 Re2 35. Rc1 Qxc1 36. Qxe2 Qc8 37. Qe5 f6 38. Qf4 Qd7 39. Qc4 Nd6
40. Qxa6 Ne4 41. Qc6 Qe7 42. b5 Qxa3 43. Qe8+ Qf8 44. Qxe4 1-0